LOTR: Trinkets of Middle-Earth: the Red Book of Westmarch - Statistics

General Stats
  • This quiz has been taken 34 times
  • The average score is 4 of 5
Answer Stats
Answer % Correct
Bilbo Baggins
100%
Frodo Baggins
100%
Samwise Gamgee
96%
Elanor Gardner
54%
Elfstan Fairbairn
21%
No matching quizzes found
Score Distribution
Percent of People with Each Score
Percentile by Number Answered
Your Score History
You have not taken this quiz